书目信息 |
| 题名: |
法律与文学
|
|
| 作者: | 苏力 著 | |
| 分册: | ||
| 出版信息: | 北京 三联书店 2006 |
|
| 页数: | 428页 | |
| 开本: | 23cm | |
| 丛书名: | ||
| 单 册: | ||
| 中图分类: | D92-05 , I0-05 | |
| 科图分类: | ||
| 主题词: | 法律--关系--文学--研究--中国 | |
| 电子资源: | ||
| ISBN: | 7-108-02456-X | |
| 000 | 00746nam0 2200229 450 | |
| 001 | 1572825497 | |
| 005 | 20150203201358.15 | |
| 010 | @a7-108-02456-X@dCNY31.50 | |
| 100 | @a20060104d2006 em y0chiy50 ea | |
| 101 | 0 | @achi |
| 102 | @aCN@b110000 | |
| 105 | @ay z 001yy | |
| 200 | 1 | @a法律与文学@9fa lv yu wen xue@e以中国传统戏剧为材料@f苏力著 |
| 210 | @a北京@c三联书店@d2006 | |
| 215 | @a428页@d23cm | |
| 330 | @a本书试图拓展当代中国法学理论研究的一个新领域——法律与文学。主要阐述以中国的一些传统戏剧为材料,分析法律的或与法律相关的一些理论问题。 | |
| 606 | 0 | @a法律@x关系@x文学@x研究@y中国 |
| 690 | @aD92-05@v5 | |
| 690 | @aI0-05@v5 | |
| 701 | 0 | @a苏力@9su li@f(1955~)@4著 |
| 801 | 0 | @aCN@bTSSF@c20150203 |
| 905 | @aZUCC@dD92-05@eJY1 | |
| 法律与文学:以中国传统戏剧为材料/苏力著.-北京:三联书店,2006 |
| 428页;23cm |
| ISBN 7-108-02456-X:CNY31.50 |
| 本书试图拓展当代中国法学理论研究的一个新领域——法律与文学。主要阐述以中国的一些传统戏剧为材料,分析法律的或与法律相关的一些理论问题。 |
| ● |
| 相关链接 |
|
|
|
|
正题名:法律与文学
索取号:D92-05/JY1
 
预约/预借
| 序号 | 登录号 | 条形码 | 馆藏地/架位号 | 状态 | 备注 |
| 1 | 7847567 | 278475678 | 学院路分馆/ [索取号:D92-05/JY1] | 在馆 |